| 000 | 00536nam a22001817a 4500 | ||
|---|---|---|---|
| 999 |
_c179134 _d179134 |
||
| 005 | 20210524152044.0 | ||
| 010 | _aB-739928 | ||
| 020 | _a9780143063025 | ||
| 035 | _aB-739928 | ||
| 037 | _bGift | ||
| 082 | _a613.03 | ||
| 245 | _aThe dorling kindersley illustrated family encyclopedia | ||
| 260 |
_aNew Delhi _bDorling Kindersley _c2007 |
||
| 300 |
_a1013p.: _c28cm(Hb) _bill. |
||
| 500 | _ainclude index | ||
| 942 |
_2ddc _cRF _h613.03 _mJOH |
||